|
|
|
|
| LEADER |
03174nam a2200673 ia4500 |
| 001 |
001659113 |
| 003 |
CZ BrMZK |
| 005 |
20190328100337.0 |
| 007 |
ta |
| 008 |
181204s2018 xxka e pf 000 0 eng |
| 020 |
|
|
|a 978-0-19-473896-5
|q (student's book ;
|q brožováno)
|
| 020 |
|
|
|a 978-0-19-473897-2
|q (student's book ;
|q online practice)
|
| 020 |
|
|
|a 978-0-19-473901-6
|q (teacher's book ;
|q brožováno)
|
| 020 |
|
|
|a 978-0-19-473903-0
|q (teacher's book ;
|q DVD)
|
| 020 |
|
|
|a 978-0-19-473904-7
|q (CDs)
|
| 040 |
|
|
|a BOA001
|b cze
|e rda
|
| 072 |
|
7 |
|a 811.111
|x Angličtina
|2 Konspekt
|9 11
|
| 072 |
|
7 |
|a 37.016
|x Učební osnovy. Vyučovací předměty. Učebnice
|2 Konspekt
|9 22
|
| 080 |
|
|
|a 811.111
|2 MRF
|
| 080 |
|
|
|a 316.776
|2 MRF
|
| 080 |
|
|
|a (07.064)81
|2 MRF
|
| 080 |
|
|
|a (07.063)81
|2 MRF
|
| 080 |
|
|
|a (076.1)
|2 MRF
|
| 080 |
|
|
|a (072)
|2 MRF
|
| 100 |
1 |
|
|a Duckworth, Michael
|7 xx0015725
|4 aut
|
| 245 |
1 |
0 |
|a Business result :
|b upper-intermediate /
|c Michael Duckworth, John Hughes & Rebecca Turner
|
| 246 |
3 |
|
|a Business result - upper-intermediate
|
| 250 |
|
|
|a Second edition
|
| 264 |
|
1 |
|a Oxford :
|b Oxford University Press,
|c 2018
|
| 300 |
|
|
|a 2 svazky :
|b barevné ilustrace ;
|c 30 cm
|
| 336 |
|
|
|a text
|b txt
|2 rdacontent
|
| 336 |
|
|
|a mluvené slovo
|b spw
|2 rdacontent
|
| 336 |
|
|
|a dvojrozměrný pohyblivý obraz
|b tdi
|2 rdacontent
|
| 337 |
|
|
|a bez média
|b n
|2 rdamedia
|
| 337 |
|
|
|a audio
|b s
|2 rdamedia
|
| 337 |
|
|
|a video
|b v
|2 rdamedia
|
| 338 |
|
|
|a svazek
|b nc
|2 rdacarrier
|
| 338 |
|
|
|a audiodisk
|b sd
|2 rdacarrier
|
| 338 |
|
|
|a videodisk
|b vd
|2 rdacarrier
|
| 500 |
|
|
|a Na zadní straně obálky: CEFR C1, B2
|
| 500 |
|
|
|a Obsahuje přístupový kód k online cvičením
|
| 505 |
0 |
|
|a student's book with online practice. 155 stran + 2 CD audio -- teacher's book / Rachel Appleby & John Hughes. 96 stran + 1 DVD video
|
| 650 |
0 |
7 |
|a angličtina
|7 ph114056
|2 czenas
|
| 650 |
0 |
7 |
|a obchodní komunikace
|7 ph123556
|2 czenas
|
| 653 |
0 |
|
|a jazyková úroveň B2
|a jazyková úroveň C1
|
| 655 |
|
7 |
|a jazykové učebnice, texty, příručky (B)
|7 fd600891
|2 czenas
|
| 655 |
|
7 |
|a jazykové učebnice, texty, příručky (C)
|7 fd600892
|2 czenas
|
| 655 |
|
7 |
|a pracovní sešity
|7 fd133116
|2 czenas
|
| 655 |
|
7 |
|a metodické příručky
|7 fd132826
|2 czenas
|
| 700 |
1 |
|
|a Hughes, John
|7 pna2006322406
|4 aut
|
| 700 |
1 |
|
|a Turner, Rebecca
|7 pna2009482639
|4 aut
|
| 856 |
4 |
2 |
|3 Doplňkové materiály pro učitele na
|u http://www.oup.com/elt/teacher/businessresult
|
| 910 |
|
|
|a BOA001
|b 4-1417.507
|b CDR-1417.507
|b CDR-1417.508
|
| 990 |
|
|
|a BK
|
| 991 |
|
|
|b 201903
|c NOV
|x 99
|
| 996 |
7 |
|
|b 2610764314
|c 4-1417.507
|d 1,student's book
|v 1
|l Anglická knihovna/2.patro
|r ZHR
|n 12
|p kupz
|h EB 24
|w 001698559
|u 000010
|a 0
|e BOA001
|j MZK50
|s A
|
| 996 |
7 |
|
|b 2610764315
|c 4-1417.507
|d 2,teacher's book
|v 2
|l Anglická knihovna/2.patro
|r ZHR
|n 7
|p kupz
|h EB 24
|w 001698559
|u 000020
|a 0
|e BOA001
|j MZK50
|s A
|
| 996 |
7 |
|
|b 2610764316
|c CDR-1417.508
|d 3, CD 1-2
|v 3
|l Anglická knihovna/2.patro
|r ZHR
|n 7
|p kupz
|h CD-A 76
|w 001698559
|u 000040
|a 0
|e BOA001
|j MZK50
|s A
|
| 996 |
7 |
|
|b DKAA000627
|c CDR-1417.507
|d 2,teacher's book DVD
|v 2a
|l Anglická knihovna/2.patro
|r ZHR
|n 0
|p kupz
|h DVD 247
|w 001698559
|u 000030
|a 0
|e BOA001
|j MZK50
|s A
|